000 00771nam a22002417a 4500
003 DO-SdBNP
005 20230419152509.0
007 ta
008 210525e2020 dr aco|grb||| 001 e spa d
020 _a9789945906578
040 _aDO-SdBNP
_bspa
_cBNPHU
041 _hspa
082 4 _a920.72
_bB844e
_222
100 1 _aBretón, Rosaura,
_d1955-
_973805
245 1 0 _aEvocaciones /
_cRosaura Isabel Bretón Castillo
260 _aSanto Domingo :
_bLetra Erguida,
_c2020.
300 _a194 p.:
_bil., retr. fotog.;
_c21 cm
500 _aIncluye datos bibliográficos de la autora en la solapa de la cubierta
590 _aInventariado, 2021/MFF
651 4 _aRepublica Dominicana
_vBiografías
_91083
910 _aValidado. Control de calidad MFF
942 _2ddc
_cLBS1
999 _c49841
_d49841